| 000 | 01108cam a22003133a 4500 | ||
|---|---|---|---|
| 001 | 1101 | ||
| 005 | 20231124105038.0 | ||
| 020 | _a078073004997 | ||
| 040 |
_aWIQ _cWIQ _dOCLCQ _dDLC _beng |
||
| 050 | 0 | 0 | _aPZ7.M47396 |
| 082 | _aFic | ||
| 100 | 1 | _aMazer, Anne. | |
| 245 | 1 | 0 |
_aGood things come in small packages / _cAnne Mazer |
| 260 |
_aNew York : _bScholastic, _c2003 |
||
| 300 |
_a101 pages : _billustrations ; _c20 cm |
||
| 490 | 1 |
_aThe amazing days of Abby Hayes ; _vBook 12 |
|
| 500 | _a"An Apple paperback." | ||
| 505 | _aJ | ||
| 520 | _aAbby's teacher has to leave school for a few weeks and leaves Abby in charge of the gift box project. When the mean substitute teacher won't let Abby make announcements about it, she and her new friend Hannah must think of a solution. | ||
| 521 | 0 |
_a460
_bLexile |
|
| 521 | 1 |
_aJ
_bRaz-Plus |
|
| 650 | 0 |
_aSchools _vFiction. |
|
| 650 | 0 |
_aFriendship _vFiction. |
|
| 650 | 0 |
_aGirls _vFiction. |
|
| 650 | 0 |
_aDiaries _vFiction. |
|
| 655 | 7 |
_aChildren's stories. _2lcsh |
|
| 906 |
_a7 _bcbc _ccopycat _d2 _encip _f20 _gy-genrareb |
||
| 942 |
_2ddc _cBK _n0 |
||
| 999 |
_c1101 _d1101 |
||